Poptávka po kariérním poradenství stoupá
Ekonomická recesia spôsobila, že vzrástol počet manažérov, ktorí prišli o prácu. Väčšina z nich sa musela s novou situáciou vysporiadať sama. Mnohí hľadajú riešenie v spolupráci s odborníkmi na kariérové poradenstvo.
Na minha lista:
| Autor principal: | |
|---|---|
| Formato: | Capítulo de Livro |
| Idioma: | tcheco |
| Assuntos: | |
| Tags: |
Sem tags, seja o primeiro a adicionar uma tag!
|
MARC
| LEADER | 00000naa a2200000 4500 | ||
|---|---|---|---|
| 001 | 0142554 | ||
| 005 | 20231019115618.9 | ||
| 041 | 0 | |a cze | |
| 044 | |a CZ | ||
| 245 | 1 | 0 | |a Poptávka po kariérním poradenství stoupá |c Alena Kazdová |
| 520 | |a Ekonomická recesia spôsobila, že vzrástol počet manažérov, ktorí prišli o prácu. Väčšina z nich sa musela s novou situáciou vysporiadať sama. Mnohí hľadajú riešenie v spolupráci s odborníkmi na kariérové poradenstvo. | ||
| 610 | 2 | 0 | |a poradenstvo kariérové |
| 610 | 2 | 0 | |a poradcovia |
| 610 | 2 | 0 | |a manažéri |
| 100 | 1 | |a Kazdová, Alena | |